000 00340 a2200157 4500
001 154908
040 _cEscola São Tomás de Aquino
100 _aSALVADOR, Edgard
240 1 0 _aQuímica , volume 2
_lpor
245 1 0 _aQuímica , volume 2
300 _a676
362 0 _a2009
440 1 _aSaraiva
697 _aQUÍMICA
942 _cBK
999 _c154908
_d154908